The evolution of living organisms ; a symposium to mark the centenary of Darwin's "Origin of species" and of the Royal Society of Victoria, held in Melbourne, December, 1959.
Guardado en:
| Autor Principal: | |
|---|---|
| Autor Corporativo: | |
| Otros Autores: | |
| Formato: | Libro |
| Idioma: | English |
| Publicado: |
[Parkville] :
Melbourne University Press,
[1962]
|
| Materias: | |
| Etiquetas: |
Agregar Etiqueta
Sin Etiquetas, Sea el primero en etiquetar este registro!
|
| LEADER | 00975cam a22002291a 4500 | ||
|---|---|---|---|
| 001 | EEA.libagro010080 | ||
| 008 | 850416s1962####at#abf###b####110#0#eng## | ||
| 005 | 20220419124422.0 | ||
| 245 | 1 | 4 | |a The evolution of living organisms ; |b a symposium to mark the centenary of Darwin's "Origin of species" and of the Royal Society of Victoria, held in Melbourne, December, 1959. |
| 260 | |a [Parkville] : |b Melbourne University Press, |c [1962] | ||
| 300 | |a 459 p. : |b il., lám., mapas ; |c 25 cm. | ||
| 504 | |a Incluye referencias bibliográficas. | ||
| 100 | 1 | |a Leeper, G. W. |q (Geoffrey Winthrop), |d 1903- |e ed. | |
| 700 | 1 | |a Darwin, Charles, |d 1809-1882. |t On the origin of species. | |
| 710 | 2 | |a Royal Society of Victoria (Melbourne, Vic.) | |
| 082 | 0 | 0 | |a 575 |
| 650 | 7 | |a Evolución |x Biología |v Conferencias |2 agrovoc | |
| 650 | 7 | |a Biología |2 agrovoc | |
| 010 | |a 62006975 | ||
| 040 | |a DLC/ICU |c ICU |d DLC | ||
| 050 | 0 | 0 | |a QH367 |b .L48 1959 |
| 859 | |a AR-BbBCA |b BIB. AGRONOMIA |h 575 |i L486 |p 1965/0021 | ||
